La théorie politique contemporaine : Courants, auteurs, débats (notice n° 1703923)
[ vue normale ]
| 000 -LEADER | |
|---|---|
| fixed length control field | 01437cam a2200133 4500500 |
| 005 - DATE AND TIME OF LATEST TRANSACTION | |
| control field | 20260322000200.0 |
| 041 ## - LANGUAGE CODE | |
| Language code of text/sound track or separate title | fre |
| 042 ## - AUTHENTICATION CODE | |
| Authentication code | dc |
| 100 10 - MAIN ENTRY--PERSONAL NAME | |
| Personal name | Caré, Sébastien |
| Relator term | author |
| 245 00 - TITLE STATEMENT | |
| Title | La théorie politique contemporaine : Courants, auteurs, débats |
| 260 ## - PUBLICATION, DISTRIBUTION, ETC. | |
| Name of publisher, distributor, etc. | Armand Colin,<br/> |
| Date of publication, distribution, etc. | 2021.<br/> |
| 520 ## - SUMMARY, ETC. | |
| Summary, etc. | Au carrefour de la philosophie politique et de l’histoire des idées, la théorie politique est une sous-discipline centrale de la science politique, qui a pour objet l’étude des doctrines et idéologies contemporaines.Cet ouvrage dresse un panorama complet des théories politiques actuelles, en les regroupant par grands thèmes: en partant du libéralisme, qui constitue la doctrine dominante, il identifie ensuite plusieurs «familles» de théories qui se sont construites en critique des théories libérales (critiques morales, politiques, économiques, écologistes et féministes).Illustré de nombreux encadrés thématiques (le transhumanisme, le conservatisme de gauche, les accommodements raisonnables, le populisme de gauche, le socialisme libéral, le revenu universel, la cause animale, le féminisme cyborg), ce manuel sans équivalent sur le marché permettra également aux étudiants de mieux comprendre les phénomènes politiques actuels et d’en mesurer la portée. |
| 856 41 - ELECTRONIC LOCATION AND ACCESS | |
| Uniform Resource Identifier | <a href="https://shs.cairn.info/la-theorie-politique-contemporaine--9782200625818?lang=fr&redirect-ssocas=7080">https://shs.cairn.info/la-theorie-politique-contemporaine--9782200625818?lang=fr&redirect-ssocas=7080</a> |
Pas d'exemplaire disponible.




Réseaux sociaux